000 00238nam a2200109Ia 4500
008 190216s9999||||xx |||||||||||||| ||und||
100 _aRajan Kumaraseril
245 0 _aOlakkuda
260 _bCurrent Books
650 _aNovel
942 _cBK
999 _c26084
_d26084